01246nam a22003137a 4500003000400000005001700004008004100021040002200062082001800084100002500102245003000127260006000157300002100217366000800238490002600246505001200272505004500284505009400329505012000423505001200543650005500555650004700610650004800657650004300705650004500748650005600793650004700849700003600896OSt20230621121248.0221006b |||||||| |||| 00| 0 eng d cBiblioteca Lado V a709.05bG851a aGriffin, Timeeditor aArtforum/bInternacional/ aNew Yorkc2006bNew York editorial and business offices c26.5x27cma322p. espa aMayov2006x0864-1315 tLETTERS tCOLUMNSaPASSAGES FILM ON SITE TOP 10 tPREVIEWaSUMMER 2006EXHIBITIONS US NEWS FROM THE VAULT ON THE ROAD INTERNATIONAL NEWS tFEATURESgLIGHT IT UP A MODERN LIFE EXCERPTS FROM WALKING THE LINE 1000 WORDS SYMPATHY FOR THE DEVIL OPENINGS tREVIEWS 2Tesauro de Arte & ArquitecturaaARTE COMTEMPORANEO 2Tesauro de Arte & ArquitecturaaFOTOGRAFIA 2Tesauro de Arte & ArquitecturaaARTE VISUAL 2Tesauro de Arte & ArquitecturaaLIBROS 2Tesauro de Arte & ArquitecturaaNOTICIAS 2 Tesauro de Arte & ArquitecturaaARTE INTERNACIONAL 2 Tesauro de Arte & ArquitecturaaESCULTURA aNavarreta, Jose Antonioeeditor